[Event "ch-Moscow Superfinal 2014"]
[Site "Moscow RUS"]
[Date "2014.01.31"]
[Round "8.1"]
[White "Eliseev, Urii"]
[Black "Gordievsky, Dmitry"]
[Result "1-0"]
[WhiteTitle "GM"]
[BlackTitle "FM"]
[WhiteElo "2549"]
[BlackElo "2451"]
[WhiteFideId "24131920"]
[BlackFideId "24112798"]
[EventDate "2014.01.30"]

1. e4 d6 2. d4 g6 3. Nc3 Bg7 4. Be3 a6 5. f3 b5 6. h4 Nf6 7. Qd2 Bb7 8. O-O-O
Nbd7 9. g4 c5 10. g5 Nh5 11. Bh3 Nb6 12. b3 Qc7 13. Bg4 O-O 14. Bxh5 gxh5 15.
dxc5 dxc5 16. Bf4 Qc6 17. Nge2 b4 18. Nd5 Nxd5 19. exd5 Qb6 20. Qe3 Rad8 21. Be5
Bxe5 22. Qxe5 Qd6 23. Qe3 Rc8 24. Nf4 c4 25. Qd4 cxb3 26. axb3 Rc3 27. Rhe1 Rfc8
28. Rd2 Rxf3 29. Nxh5 Qg6 30. d6 Rfc3 31. Ree2 Qxh5 32. d7 Rd8 33. Rxe7 Bc6 34.
Qb6 Rxd7 35. Rdxd7 Bxd7 36. Rxd7 Qf3 37. Rd8+ Kg7 38. Qd4+ Kg6 39. Rd6+ 1-0

[Event "ch-Moscow Superfinal 2014"]
[Site "Moscow RUS"]
[Date "2014.01.31"]
[Round "8.3"]
[White "Grachev, Boris"]
[Black "Vavulin, Maksim"]
[Result "1-0"]
[WhiteTitle "GM"]
[BlackTitle "IM"]
[WhiteElo "2668"]
[BlackElo "2390"]
[WhiteFideId "4129199"]
[BlackFideId "4169530"]
[EventDate "2014.01.30"]

1. d4 Nf6 2. Nf3 e6 3. Bg5 h6 4. Bh4 c5 5. e3 b6 6. Nbd2 Bb7 7. Bd3 Be7 8. O-O
O-O 9. c3 Nc6 10. Re1 d5 11. Qe2 Rc8 12. Rad1 Qc7 13. a3 e5 14. e4 cxd4 15. exd5
dxc3 16. bxc3 Na5 17. c4 Rfe8 18. Ne4 Nxc4 19. Bxf6 gxf6 20. Nh4 Bxd5 21. Nf5
Kh8 22. Qh5 Bf8 23. Nxh6 Qd8 24. Ng4+ 1-0

[Event "ch-Moscow Superfinal 2014"]
[Site "Moscow RUS"]
[Date "2014.01.31"]
[Round "9.1"]
[White "Najer, Evgeniy"]
[Black "Eliseev, Urii"]
[Result "1/2-1/2"]
[WhiteTitle "GM"]
[BlackTitle "GM"]
[WhiteElo "2646"]
[BlackElo "2549"]
[WhiteFideId "4118987"]
[BlackFideId "24131920"]
[EventDate "2014.01.30"]

1. e4 c5 2. Nf3 Nc6 3. Bb5 d6 4. c3 Nf6 5. Qe2 a6 6. Bxc6+ bxc6 7. d4 cxd4 8.
cxd4 g6 9. O-O Bg7 10. Nc3 O-O 11. Rd1 Bg4 12. h3 Bxf3 13. Qxf3 Nd7 14. Be3 Rb8
15. Qe2 Qb6 16. b3 Qa5 17. Rac1 Rfc8 18. Na4 Qb5 19. Rc2 Qxe2 20. Rxe2 Rb4 21.
Rc2 f5 22. f3 1/2-1/2

[Event "ch-Moscow Superfinal 2014"]
[Site "Moscow RUS"]
[Date "2014.01.31"]
[Round "9.2"]
[White "Popov, Ivan RUS"]
[Black "Nepomniachtchi, Ian"]
[Result "1-0"]
[WhiteTitle "GM"]
[BlackTitle "GM"]
[WhiteElo "2650"]
[BlackElo "2732"]
[WhiteFideId "4170350"]
[BlackFideId "4168119"]
[EventDate "2014.01.30"]

1. e4 c5 2. Nf3 d6 3. d4 Nf6 4. Nc3 cxd4 5. Nxd4 a6 6. Be3 e5 7. Nb3 Be7 8. f3
Be6 9. Qd2 h5 10. Be2 Nbd7 11. Nd5 Nxd5 12. exd5 Bf5 13. O-O Bg6 14. Na5 Qc7 15.
c4 O-O 16. b4 Rae8 17. Rac1 Bd8 18. Nb3 f5 19. c5 f4 20. Bf2 e4 21. fxe4 Bxe4
22. Nd4 Bxd5 23. Nb5 Qc6 24. Na7 Rxe2 25. Qd1 f3 26. Nxc6 bxc6 27. cxd6 Rxf2 28.
Rxf2 Bb6 29. g3 Rf6 30. a4 Rxd6 31. Rxc6 Bxc6 32. Qxd6 Bxa4 33. Qd5+ Kh7 34.
Qxh5+ Kg8 35. Qxf3 Bb5 36. Kg2 Bxf2 37. Kxf2 g6 38. g4 Kg7 39. g5 Kg8 40. Qd5+
Kg7 41. Qe6 Nf8 42. Qf6+ Kg8 43. Ke3 Bc4 44. Kd4 Bb5 45. Kd5 Bd3 46. Kd6 Nh7 47.
Qd8+ Kg7 48. Ke7 Bb5 49. h4 Bf1 50. Qd4+ Kg8 51. Qd5+ 1-0

[Event "ch-Moscow Superfinal 2014"]
[Site "Moscow RUS"]
[Date "2014.01.31"]
[Round "9.4"]
[White "Potkin, Vladimir"]
[Black "Grachev, Boris"]
[Result "1/2-1/2"]
[WhiteTitle "GM"]
[BlackTitle "GM"]
[WhiteElo "2625"]
[BlackElo "2668"]
[WhiteFideId "4131061"]
[BlackFideId "4129199"]
[EventDate "2014.01.30"]

1. d4 d5 2. c4 e6 3. Nc3 Nf6 4. Nf3 Nbd7 5. Bf4 Bd6 6. Bxd6 cxd6 7. cxd5 Nxd5 8.
Nxd5 exd5 9. e3 O-O 10. Bd3 Nf6 11. h3 Qb6 12. Qb3 Qa5+ 13. Ke2 Bd7 14. Rhc1 Bc6
15. a4 Rfc8 16. Qa3 Qd8 17. b4 Bd7 18. b5 Be6 19. Nd2 g6 20. a5 Kg7 21. Qb4 h6
22. Nb3 Kh7 23. Rxc8 Rxc8 24. Rc1 Rxc1 25. Nxc1 Ne4 26. f3 Ng3+ 27. Kd2 b6 28.
a6 h5 29. Qc3 h4 30. Qc6 Nh5 31. f4 Nf6 32. Na2 Kg7 33. Nb4 Qd7 34. Kc3 Bxh3 35.
gxh3 Qxh3 36. Nxd5 Nxd5+ 37. Qxd5 Qxe3 38. f5 h3 39. fxg6 fxg6 40. Qxd6 Qc1+ 41.
Bc2 Qe1+ 42. Kb2 Qg1 43. Qe7+ Kh6 44. Qh4+ Kg7 45. Qxh3 Qxd4+ 46. Kc1 Qf4+ 47.
Kd1 Qd4+ 48. Bd3 Qa1+ 49. Ke2 Qe5+ 50. Kf2 Qf4+ 51. Ke1 Qc1+ 52. Ke2 Qb2+ 53.
Kf3 Qf6+ 54. Ke4 Qe7+ 55. Kf3 Qf6+ 56. Kg2 Qg5+ 57. Kh1 Qh5 58. Qxh5 gxh5 59.
Kg2 Kf6 60. Kg3 Ke5 61. Kh4 Kd6 62. Kxh5 Kc7 63. Kg5 Kb8 64. Kf6 Kc7 65. Ke7 Kb8
66. Kd7 Ka8 67. Kc6 Kb8 68. Be4 Kc8 69. Kd6 Kb8 70. Ke7 Kc7 71. Bc6 Kb8 72. Bd7
Kc7 73. Ke8 Kb8 74. Kd8 Ka8 75. Be6 Kb8 76. Ke7 Kc7 77. Bd5 Kb8 78. Kd6 Kc8 79.
Kc6 Kb8 80. Be6 Ka8 81. Kc7 1/2-1/2